Statistics for Country anagrams

Click here to take the quiz!

General Stats

  • This quiz has been taken 99 times
  • The average score is 16 of 20

Answer Stats

HintAnswer% Correct
ChainChina
98%
RainIran
97%
PainsSpain
97%
MailMali
96%
MoanOman
95%
PurePeru
94%
AlsoLaos
92%
PanelNepal
92%
ReignNiger
90%
TangoTonga
89%
InlacedIceland
88%
EnemyYemen
86%
AnalogAngola
83%
SprucyCyprus
80%
RabiesSerbia
76%
BurnieBrunei
72%
RegaliaAlgeria
69%
EstimatorEast Timor
48%
AneurismSuriname
35%
AcrimoniesMicronesia
35%

Score Distribution

Percentile by Number Answered

Percent of People with Each Score

Your Score History

You have not taken this quiz